Consultants survey (Record no. 74621)

MARC details
000 -LEADER
fixed length control field 01302cab a2200229 4500
001 - CONTROL NUMBER
control field ABS68456
008 - FIXED-LENGTH DATA ELEMENTS--GENERAL INFORMATION
fixed length control field 041123n2004 000 0 eng u
035 ## - SYSTEM CONTROL NUMBER
System control number (Sirsi) u128089
100 ## - MAIN ENTRY--PERSONAL NAME
Personal name Johnston, B.
245 ## - TITLE STATEMENT
Title Consultants survey
260 ## - PUBLICATION, DISTRIBUTION, ETC.
Date of publication, distribution, etc. 2004
490 ## - SERIES STATEMENT
Series statement Planning (for the Natural and Built Environment)
Volume/sequential designation (1595) 12 November 2004, 13-33(11)
520 ## - SUMMARY, ETC.
Summary, etc. Discusses the results of a recent survey of planning consultants. Reports on planning consultancy growth in 2004 in terms of fees sector by sector, ranks consultancies by number of chartered town planners employed in UK offices and by fee earning capacity. Lists major employers of women and student planners. Identifies main planning teams in the UK regions with an in-depth map of the southeast region. Lists high earning UK planning consultancies by planning income in total and by individual sector providing details of planning fee income, total fee income and average planning income. Concludes with a list of client profiles for high earning planning consultancies. Tables.
590 ## - LOCAL NOTE (RLIN)
Local note ABS
650 ## - SUBJECT ADDED ENTRY--TOPICAL TERM
Topical term or geographic name entry element RANKINGS
650 ## - SUBJECT ADDED ENTRY--TOPICAL TERM
Topical term or geographic name entry element PLANNING CONSULTANTS
650 ## - SUBJECT ADDED ENTRY--TOPICAL TERM
Topical term or geographic name entry element TOWN PLANNERS
650 ## - SUBJECT ADDED ENTRY--TOPICAL TERM
Topical term or geographic name entry element FEE EARNERS
650 ## - SUBJECT ADDED ENTRY--TOPICAL TERM
Topical term or geographic name entry element INCOME
690 ## - LOCAL SUBJECT ADDED ENTRY--TOPICAL TERM (OCLC, RLIN)
Topical term or geographic name as entry element ENVIRONMENTAL AND LAND CONSULTANCY-PLANNING AND DEVELOPMENT
942 ## - ADDED ENTRY ELEMENTS (KOHA)
Suppress in OPAC 0
Holdings
Withdrawn status Lost status Source of classification or shelving scheme Damaged status Not for loan Home library Current library Shelving location Date acquired Total Checkouts Full call number Barcode Date last seen Copy number Price effective from Koha item type
    Dewey Decimal Classification     London London Journal article 23/11/2004   ABS68456 128089-1001 06/08/2019 1 06/08/2019 Journal article